01161nam a2200337Ia 450000500170000000800410001702000180005810000340007624500800011025000180019030000250020850000420023353400180027558600370029365000370033065000400036765000370040765000350044465000360047965000370051565000350055265000430058794200150063026400290064533600270067433700330070133800280073404000350076208400110079799900150080820220317001404.0161108s2013 sp g 000 0 spa  a97884965807941 aKawabata, Yasunarid1899-197213aLa casa de las bellas durmientescYasunari Kawabata ; traducción de M.C. a1a. edición a112 páginasc22 cm aIncluye datos biográficos del autor tNemureru bijo aPremio Nobel de Literatura, 1968142LEMBaNovela japonesa ySiglo XX142LEMBaLiteratura japones ySiglo XX142LEMBaErotismo en la literatura 142LEMBaMujeres en la literatura142LEMBaAncianos en la literatura142LEMBaViolencia en la literatura142LEMB aMuerte en la literatura142LEMB aProstitución en la literatura 2loccBKLIT aBarcelonabEmecéc2013 atextobtxt2rdacontent asin mediaciónbn2rdamedia avolumenbnc2rdacarrier aCO-BoRNBPbspaerdacCO-BoRNBP aN KAW1 c6822d6822